000 00984cab a2200205 4500
001 ##L135708
008 061128n2006 000 0 eng u
035 _a(Sirsi) u135708
041 0 _aeng
100 1 _aRawlinson, Simon
245 0 0 _aProcurement
_bpublic sector projects
260 _c2006
490 0 _aBuilding
_v271(8457) 24 November 2006, 52-56(5)
520 _aFeature on public sector procurement. Looks at the regulatory environment governed by Directive 2004/18/EC; key changes introduced by the directive including the merging of procurement requirements for works, services and supplies, the encouragement of e-procurement, and competitive dialogue; effective administration of the procurement process; the assessment process - pre-qualification and tender appraisal; and a case study based on a public-private partnership project.
590 _aKA
650 2 4 _aDIRECTIVE 2004/18/EC
651 4 _aUnited Kingdom
_y
690 _aProcurement
_96260
942 _n0
999 _c77969
_d77969